00477cam a22001577a 4500008004000000082001600040100001900056245004500075260002700120300001000147650001600157650002500173650001500198999001900213952008700232180718b1992 xxu||||| |||| 00| 0 eng d aB12431 M474 aMehta, Shalina aHindu Muslim relationscby Shalina Mehta aNew DelhibCosmoc1992 a178p. aCommunalism aMohammedans in India aSecularism c357984d357984 00104070aIIPAbIIPAd1994-01-21oB12431 M474p67410r2018-07-21w2018-07-21yBK